Management and organisational behaviour
Αποθηκεύτηκε σε:
| Κύριος συγγραφέας: | |
|---|---|
| Μορφή: | Βιβλίο |
| Γλώσσα: | English |
| Δημοσίευση: |
Harlow, England :
Prentice-Hall,
c2005
|
| Έκδοση: | 7th ed. |
| Θέματα: | |
| Ετικέτες: |
Προσθήκη ετικέτας
Δεν υπάρχουν, Καταχωρήστε ετικέτα πρώτοι!
|
MARC
| LEADER | 00000nam a2200000 i 4500 | ||
|---|---|---|---|
| 001 | 1/76265 | ||
| 008 | 050516s2005 eng d | ||
| 020 | |a 0-273-68876-6 (pbk.) | ||
| 035 | |l 10077934 | ||
| 040 | |a GR-MY-UA |b gre |e aacr | ||
| 041 | 0 | |a eng | |
| 082 | 0 | |a 658 |2 (21) | |
| 100 | 1 | |a Mullins, Laurie J. | |
| 245 | 1 | 0 | |a Management and organisational behaviour / |c Laurie J. Mullins |
| 250 | |a 7th ed. | ||
| 260 | |a Harlow, England : |b Prentice-Hall, |c c2005 | ||
| 300 | |a xxiv, 1095 σ.; |b εικ., σχ.; |c 27 εκ. | ||
| 504 | |a Περιλαμβάνει βιβλιογραφικές αναφορές και ευρετήριο | ||
| 650 | 0 | 0 | |a Organizational behavior. |
| 852 | |a INST |b CHIOS |e 20050516 |h 658 MUL |p 005200021970 |q 005200021970 |t BK |y 0 | ||
| 901 | |a BIBL2-2005-2 | ||
| 909 | |a Χ |b 112930 | ||
| 920 | |a ΔΙΕΥΡΥΝΣΗ |b ΕΠΕΑΕΚ-ΤΜΟΔ |y ΧΙΟΣ |z 2004-12 | ||
| 970 | |a ΣΑΛΑΜΟΥΡΑ |b ΜΑΡΙΑ |z 2005/05/16 | ||